[Event "Wch U12 rapid"]
[Site "Batumi"]
[Date "2023.06.08"]
[Round "10"]
[White "Kurdagiya, Aleksandr G"]
[Black "Arakelyan, Manvel"]
[Result "1-0"]
[WhiteElo "1686"]
[BlackElo "1657"]
[PlyCount "66"]
[EventDate "2023.06.06"]
[EventType "swiss (rapid)"]
[EventRounds "11"]
[EventCountry "GEO"]
[SourceTitle "EXT 2024"]
[Source "ChessBase"]
[SourceDate "2023.10.10"]
[SourceVersion "1"]
[SourceVersionDate "2023.10.10"]
[SourceQuality "1"]
[WhiteTeam "FIDE"]
[BlackTeam "Armenia"]
[BlackTeamCountry "ARM"]

1. e4 c5 2. Nf3 Nc6 3. g3 g6 4. Bg2 Bg7 5. 0-0 d6 6. Re1 Nf6 7. d4 cxd4 8. Nxd4 Nxd4 9. Qxd4 0-0 10. Nc3 Be6 11. Qb4 Qd7 12. Be3 a5 13. Qb5 Qxb5 14. Nxb5 Rac8 15. c3 Ng4 16. Bd4 Bd7 17. Bxg7 Kxg7 18. Nd4 Ne5 19. Rad1 a4 20. f4 Nc4 21. b3 Na5 22. c4 e5 23. fxe5 dxe5 24. Nf3 Bg4 25. Rd5 Bxf3 26. Bxf3 Nc6 27. Kg2 axb3 28. axb3 Ra8 29. Rd7 Nd4 30. Re3 Ra2+ 31. Kh3 Rf2 32. Bg2 Ra8 33. Re1 Raa2 1-0